| 000 | 00000nam 2200000zi 4500 |
| 001 | 9.894212 |
| 003 | CaOODSP |
| 005 | 20221107173655 |
| 006 | m o d f |
| 007 | cr ||||||||||| |
| 008 | 201202t20212021oncab ob f000 0 eng d |
| 020 | |a9780660367828 |
| 040 | |aCaOODSP|beng|erda|cCaOODSP |
| 041 | |aeng|bfre |
| 043 | |an-cn-on |
| 086 | 1 |aFs97-13/1324E-PDF |
| 100 | 1 |aBarnucz, J., |eauthor. |
| 245 | 10|aFish community inventory of dyked wetlands in the St. Clair National Wildlife Area, Ontario, 2018 and 2019 / |cJason Barnucz, Julia E. Colm, and D. Andrew R. Drake. |
| 264 | 1|aBurlington, ON : |bFisheries and Oceans Canada = Pêches et océans Canada, |c2021. |
| 264 | 4|c©2021 |
| 300 | |a1 online resource (vii, 34 pages) : |bcolour maps, illustrations (some colour) |
| 336 | |atext|btxt|2rdacontent |
| 337 | |acomputer|bc|2rdamedia |
| 338 | |aonline resource|bcr|2rdacarrier |
| 490 | 1 |aCanadian data report of fisheries and aquatic sciences, |x1488-5395 ; |v1324 |
| 504 | |aIncludes bibliographical references (page 6). |
| 546 | |aIncludes abstract in French. |
| 650 | 0|aLake chubsucker|xHabitat|zOntario. |
| 650 | 0|aNotropis|xHabitat|zOntario. |
| 650 | 0|aFish populations|xEstimates|zOntario. |
| 650 | 6|aSucet de lac|xHabitat|zOntario. |
| 650 | 6|aNotropis|xHabitat|zOntario. |
| 650 | 6|aPoissons|xPopulations|xEstimation|zOntario. |
| 710 | 1 |aCanada. |bDepartment of Fisheries and Oceans, |eissuing body. |
| 830 | #0|aCanadian data report of fisheries and aquatic sciences,|x1488-5395 ; |v1324.|w(CaOODSP)9.505124 |
| 856 | 40|qPDF|s1.98 MB|uhttps://publications.gc.ca/collections/collection_2021/mpo-dfo/Fs97-13-1324-eng.pdf |